US Allies in the 1700s (after/during the revolution) - Statistics

General Stats
  • This quiz has been taken 28 times
    23 since last reset
  • The average score is 4 of 8
Answer Stats
Hint Answer % Correct
An avid supporter of US independence. Also really didn't approve of the UK at the time France
100%
An ally of France and an enemy of the UK Spain
100%
The second country to diplomatically recognize US/Continental Congress Netherlands
77%
A somewhat double agent in the war Germany
54%
A patriot militia that eventually joined the continental army Green mountain boys
31%
The tribe to give the largest support to the US revolution Oneida
31%
The third tribe that sided with the US revolution Stockbridge-Mohican/Munsee
23%
Another tribe that sided with Washington Tuscarora
23%
No matching quizzes found
Score Distribution
Percent of People with Each Score
Percentile by Number Answered
Your Score History
You have not taken this quiz since the last reset